Random Mr. Men & Little Miss Characters - Statistics

General Stats
  • This quiz has been taken 177 times
    176 since last reset
  • The average score is 12 of 16
Answer Stats
Picture Answer % Correct
Little Miss Bossy
100%
Little Miss Sunshine
100%
Mr. Birthday
100%
Mr. Bump
100%
Mr. Christmas
100%
Mr. Clever
100%
Mr. Daydream
100%
Mr. Forgetful
100%
Mr. Grumpy
100%
Mr. Happy
100%
Mr. Messy
100%
Mr. Nosey
100%
Mr. Small
100%
Mr. Tall
100%
Mr. Tickle
100%
Little Miss Princess
92%
Mr. Mean
90%
Mr. Snow
90%
Mr. Strong
90%
Mr. Chatterbox
89%
Mr. Greedy
88%
Mr. Funny
87%
Little Miss Chatterbox
86%
Little Miss Christmas
86%
Mr. Bounce
86%
Mr. Jelly
86%
Mr. Skinny
85%
Mr. Snooty
85%
Little Miss Birthday
83%
Little Miss Scary
83%
Mr. Noisy
83%
Mr. Quiet
83%
Mr. Rush
83%
Little Miss Giggles
82%
Little Miss Shy
82%
Little Miss Tiny
82%
Little Miss Twins
82%
Mr. Nobody
82%
Little Miss Tidy
80%
Little Miss Whoops
80%
Mr. Dizzy
80%
Mr. Silly
80%
Little Miss Hug
77%
Little Miss Late
75%
Little Miss Naughty
75%
Mr. Clumsy
75%
Mr. Fussy
75%
Mr. Worry
75%
Little Miss Brave
73%
Mr. Busy
70%
Mr. Rude
70%
Little Miss Greedy
67%
Mr. Cheerful
67%
Mr. Lazy
67%
Mr. Mischief
67%
Mr. Perfect
67%
Little Miss Inventor
64%
Little Miss Quick
64%
Mr. Adventure
64%
Mr. Good
64%
Mr. Muddle
64%
Mr. Impossible
63%
Mr. Sneeze
63%
Mr. Topsy-Turvy
60%
Little Miss Brainy
58%
Little Miss Busy
57%
Little Miss Star
57%
Little Miss Stubborn
57%
Little Miss Neat
56%
Little Miss Somersault
56%
Little Miss Magic
55%
Little Miss Splendid
55%
Little Miss Wise
54%
Little Miss Contrary
50%
Little Miss Dotty
50%
Little Miss Fickle
50%
Little Miss Fun
50%
Mr. Calm
50%
Mr. Nonsense
50%
Little Miss Trouble
45%
Little Miss Lucky
44%
Little Miss Bad
40%
Little Miss Helpful
40%
Little Miss Curious
38%
Mr. Cool
38%
Little Miss Scatterbrain
36%
Mr. Brave
36%
Mr. Marvelous
33%
Mr. Wrong
33%
Mr. Grumble
25%
Mr. Slow
25%
No matching quizzes found
Score Distribution
Percent of People with Each Score
Percentile by Number Answered
Your Score History
You have not taken this quiz since the last reset